header

An essay on the art of ingeniously tormenting (Record no. 236603)

MARC details
000 -LEADER
fixed length control field 01597nam a2200385 a 4500
082 04 - DEWEY DECIMAL CLASSIFICATION NUMBER
Classification number 824/.6
100 1# - MAIN ENTRY--AUTHOR NAME
Personal name Collier, Jane,
245 13 - TITLE STATEMENT
Title An essay on the art of ingeniously tormenting
260 ## - PUBLICATION, DISTRIBUTION, ETC. (IMPRINT)
Place of publication Oxford ;
-- New York :
Name of publisher Oxford University Press,
Year of publication 2006.
300 ## - PHYSICAL DESCRIPTION
Number of Pages xlv, 111 p.
490 1# - SERIES STATEMENT
Series statement Oxford world's classics
650 #0 - SUBJECT ADDED ENTRY--TOPICAL TERM
Topical Term Women
Topical Term Interpersonal relations
Topical Term Conduct of life
700 1# - ADDED ENTRY--PERSONAL NAME
Personal name Craik, Katharine A.
856 40 - ELECTRONIC LOCATION AND ACCESS
Uniform Resource Identifier http://site.ebrary.com/lib/rucke/Doc?id=10177902

No items available.

© 2026 Rongo University
Contact us: librarian | system librarian | Rongo university